000 01567cam a2200229 4500
001 ABS63675
008 000000n2001 000 0 eng u
035 _a(Sirsi) u111415
245 _aLlanelec Precision Engineering Co Ltd v Neath Port Talbot County BC
260 _c2001
490 _aRating and Valuation Reporter
_v[2001] 41 RVR, 36-44(9)
520 _aLT 3 August 2000. Involved compensation for the compulsory acquisition of a piece of land, and an easement for the construction and maintenance of a viaduct. Negotiations took place between 1988 and 1990, but no agreement was reached. Talks resumed in 1992. The Council (A) offered £28,000, and the claimant company (B) sought £40,000. In May 1993, under instruction from a director, B's surveyor wrote to A accepting the £28,000 offered, and this was confirmed in writing by A on 2 August 1993. Considered two key issues: firstly, whether the correspondence represented a binding contract for compensation at £28,000; and secondly if there was no contract, whether the claim was statute barred under S9 of the Limitation Act 1980 (para 57). LT ruled in favour of A on both issues.
590 _aABS
650 _aLLANELEC PRECISION ENGINEERING CO LTD V NEATH PORT TALBOT CBC
650 _aCORRESPONDENCE
650 _aContracts
_96232
650 _aESTOPPEL
650 _aLAW OF PROPERTY (MISCELLANEOUS PROVISIONS) ACT 1989
650 _aLIMITATION ACT 1980
690 _aENVIRONMENTAL AND LAND CONSULTANCY-PLANNING AND DEVELOPMENT-COMPULSORY PURCHASE AND COMPENSATION
942 _n0
999 _c66382
_d66382